| 000 | 00720nam a2200205Ia 4500 | ||
|---|---|---|---|
| 005 | 20260121110021.0 | ||
| 008 | 008 260114s9999 xx 000 0 hin d | ||
| 020 | _a9788132360346 | ||
| 037 | _aEBOOK | ||
| 040 |
_aCRL _bhin _cCRL |
||
| 041 |
_ahin _2hin |
||
| 084 | _qCRL | ||
| 100 |
_aजय प्रकाश भाटी / Jay Prakash Bhati _9941018 |
||
| 245 | 0 | _aकीट: उनका प्राकृतिक आवास और विविधता / Keet: Unka Prakritik Awas aur Vividhta | |
| 260 |
_bभाषा प्रकाशन / Bhasha Prakashan _c2021 |
||
| 856 | _uhttps://bhashaprakashan.com/product-details/382678 | ||
| 942 | _cEBOOK | ||
| 999 |
_c1532683 _d1532683 |
||